| 000 | 01334nam a22002537a 4500 | ||
|---|---|---|---|
| 005 | 20150708142943.0 | ||
| 008 | 110127s2013 ck gr a000 0 spa d | ||
| 020 | _a9789588491745 | ||
| 041 | _aspa | ||
| 044 | _ack | ||
| 082 | 0 | 4 |
_a628.166 _bM66p |
| 110 | 1 |
_9169 _aMinisterio de Ambiente y Desarrollo Sostenible _bMinisterio de ambiente y Desarrollo Sostenible |
|
| 245 | 1 | 0 |
_aPlan de acción nacional para la gestión de sustancias químicas en Colombia (2013-2020) : _benfoque estratégico para a gestión de sustancias químicas a nivel nacional - SAICM |
| 260 |
_aBogotá _bUniversidad de Los Andes _bMinisterio de ambiente y Desarrollo Sostenible _c2013 |
||
| 300 |
_a39 p. _btablas _c28 cm. |
||
| 505 | _aAnálisis de la situación y de las problemáticas con sustancias químicas (pag 10) Meas y objetivos (pag 14) Propuesta estratégica de aplicación (pag 15) Seguimiento al plan de acción nacional (pag 24) Conclusiones y recomendaciones (pag 25) | ||
| 650 | 1 | 7 |
_aSustancias químicas _xInvestigaciones _zBogotá _924533 |
| 650 | 1 | 7 |
_aGestión ambiental _xInvestigaciones _zColombia _924534 |
| 650 | 1 | 7 |
_aControl ambiental _zColombia _924535 |
| 650 | 1 | 7 |
_aRecursos hídricos _xInvestigaciones _zColombia _924536 |
| 700 | 1 |
_aSuárez-Medina, Oscar Javier _eed. _924537 |
|
| 710 | 1 |
_aONUDI _etextos _924538 |
|
| 942 |
_2ddc _cImpreso |
||
| 999 |
_c8494 _d8494 |
||